00354nam a2200133Ia 4500003000400000008004100004040001600045082001500061100002000076245005400096260004700150300001000197650001300207GCL140319s9999 xx 000 0 eng d aGCL / cGCL04a371.1bK E1 aKYRIACOU, CHRIS10aEFFECTIVE TEACHING IN SCHOOLS / cKYRIACOU, CHRIS a[S.N] : bSIMON & SCHUS TER, INC ، c1994 a220 P04aTEACHING